Introducing organizational organizational behaviour

Guardat en:
Dades bibliogràfiques
Format: Llibre
Idioma:Undetermined
Publicat: London The Macmillan Press Ltd. 1982
Matèries:
Etiquetes: Afegir etiqueta
Sense etiquetes, Sigues el primer a etiquetar aquest registre!
Thư viện lưu trữ: Trung tâm Học liệu Trường Đại học Cần Thơ
LEADER 00530nam a2200169Ia 4500
001 CTU_98216
008 210402s9999 xx 000 0 und d
082 |a 658.408 
082 |b I.61 
245 0 |a Introducing organizational organizational behaviour 
245 0 |c Mike Smith ... [et al.] 
260 |a London 
260 |b The Macmillan Press Ltd. 
260 |c 1982 
650 |a Industrial organization,Organizational behavior,Organizational change 
904 |i Năm 
980 |a Trung tâm Học liệu Trường Đại học Cần Thơ